The case of the demure defendant

Guardat en:
Dades bibliogràfiques
Autor principal: Gardner, Erle Stanley (Autor)
Format: Llibre
Idioma:anglès
Publicat: Nueva York Cardinal 1959
Col·lecció:A Perry Mason Mystery, C-323
Matèries:
Etiquetes: Afegir etiqueta
Sense etiquetes, Sigues el primer a etiquetar aquest registre!

MARC

LEADER 00000nam a2200000 a 4500
001 UCZ5669
003 CL-VaPUC
008 951124e19590100US |||||||||||||||||eng|d
082 0 4 |a 823  |b GAR  |2 21 
100 |a Gardner, Erle Stanley  |e author  |9 420838 
245 1 4 |a The case of the demure defendant 
300 |a 164 p 
942 |c BK 
945 |d 19951124 00:00:00  |a cmena 
260 |a Nueva York  |b Cardinal  |c 1959 
650 0 |a Novelas inglesas  |9 265220 
650 0 |a Literatura inglesa  |9 312907 
650 7 |a NOVELAS POLICIACAS INGLESAS  |2 CL-VaPUC  |9 349807 
583 |a last modification  |c 19951124 00:00:00  |k Rodrigo Vera 
490 0 |a A Perry Mason Mystery, C-323 
999 |c 241960  |d 241958 
952 |0 0  |1 0  |4 0  |6 823_000000000000000_GAR_1959  |7 0  |8 P  |9 254611  |a BIBEDU  |b BIBEDU  |c BIBEDU_PB  |d 2019-11-19  |i 1579746  |o 823 GAR 1959  |p 1579746  |r 2024-01-25  |w 2019-11-19  |y BK  |k FIL